| 000 -LEADER |
| fixed length control field |
00576nam a22001817a 4500 |
| 005 - DATE AND TIME OF LATEST TRANSACTION |
| control field |
20250507102030.0 |
| 008 - FIXED-LENGTH DATA ELEMENTS--GENERAL INFORMATION |
| fixed length control field |
250507b ||||| |||| 00| 0 eng d |
| 040 ## - CATALOGING SOURCE |
| Transcribing agency |
SSBUL |
| 041 ## - LANGUAGE CODE |
| Language code of text/sound track or separate title |
English |
| 082 ## - DEWEY DECIMAL CLASSIFICATION NUMBER |
| Edition number |
23 |
| Classification number |
796.323092 Ro |
| Item number |
25629 S-RH |
| 100 1# - MAIN ENTRY--PERSONAL NAME |
| Personal name |
Rodman, Dennis. |
| 9 (RLIN) |
59494 |
| 245 10 - TITLE STATEMENT |
| Title |
Bad As I Wanna Be / |
| Statement of responsibility, etc. |
Dennis Roman. |
| 260 ## - PUBLICATION, DISTRIBUTION, ETC. |
| Place of publication, distribution, etc. |
New York: |
| Name of publisher, distributor, etc. |
Dell publishing, |
| Date of publication, distribution, etc. |
1996. |
| 300 ## - PHYSICAL DESCRIPTION |
| Extent |
323 pages: |
| Other physical details |
table,maps; |
| Dimensions |
18 cm. |
| 500 ## - GENERAL NOTE |
| General note |
S-RH: Mr. Ron Halsey Collection |
| 600 ## - SUBJECT ADDED ENTRY--PERSONAL NAME |
| Personal name |
Rodman, Dennis |
| General subdivision |
Basketball players |
| Geographic subdivision |
United states |
| General subdivision |
Biography. |
| 9 (RLIN) |
59495 |
| 942 ## - ADDED ENTRY ELEMENTS (KOHA) |
| Source of classification or shelving scheme |
|
| Koha item type |
Book (Short term) |